Zawody na literę K - Statystyki

Ogólne statystyki
  • Ten quiz został rozwiązany 503 razy
  • Średni wynik to 15 z 46
Statystyki odpowiedzi
Zawód % Poprawnych
kucharz
76%
kierowca
72%
kelner
61%
krawiec
61%
kominiarz
60%
kasjerka
59%
ksiądz
58%
kardiolog
55%
księgowy
48%
kowal
47%
komornik
43%
konduktor
40%
kat
37%
kolarz
37%
kolejarz
36%
kontroler biletów
36%
kosmetyczka
36%
koszykarz
35%
kamerzysta
33%
komik
32%
kurier
31%
kaskader
29%
kupiec
29%
krupier
27%
kamieniarz
25%
kamerdyner
24%
komisarz
24%
kosmonauta
21%
kustosz
21%
klaun
19%
konstruktor
19%
kwiaciarka
19%
konserwator
18%
kronikarz
18%
kurator
18%
katecheta
17%
konsultant
17%
kryminolog
17%
księgarz
17%
kuśnierz
17%
kompozytor
15%
komentator
14%
krytyk
14%
korepetytor
12%
kreślarz
9%
kołodziej
7%
Nie znaleziono quizów pasujących do podanych kryteriów
Rozkład punktacji
Procent ludzi z każdym wynikiem
Percentyl według liczby udzielonych odpowiedzi
Twoja historia wyników
Nie rozwiązałeś tego quizu